Who's Missing? Quiz Stats

Quiz Updated Apr 9, 2016

Challenge
Share
Tweet
Score 0/25 Timer 07:00
4 Plays Today
% Correct
Ringo Starr (The Beatles)
92.5%
Batman (The Justice League)
92.3%
Luigi (Mario Bros.)
89.2%
Joey Tribbiani (Friends)
87.8%
Darth Vader (Return of the Jedi)
87%
Theodore Roosevelt (Mount Rushmore)
83.4%
Louie Duck (Donald Duck's nephews)
81.4%
Crackle (Rice Krispies' Mascot)
79.7%
Donatello (Teenage Mutant Ninja Turtles)
77%
Kenny McCormick (South Park)
77%
Curly Howard (The Three Stooges)
76.7%
Scarlett O'Hara (Gone With the Wind)
74.4%
Art Garfunkel (Simon and Garfunkel)
72.4%
% Correct
Gene Simmons (Kiss)
70.7%
Winston Churchill (The Big Three WWll allies)
69.6%
William Clark (Lewis and Clark)
69%
Simon (The Chipmunks)
68.2%
Diana Ross (The Supremes)
63.6%
Sammy Davis Jr. (The Rat Pack)
62.4%
Harpo Marx (Marx Brothers)
59.7%
Bono (U2)
59.5%
Po (Teletubbies)
59.5%
Peter Brady (The Brady Bunch)
53.4%
Dusty Bottoms (¡Three Amigos!)
52.7%
Phil DeVille (Rugrats)
38.3%

You're not logged in!

Compare scores with friends on all Sporcle quizzes.
Sign Up with Email
OR
Log In

You Might Also Like...

Show Comments

Extras

Top Quizzes Today


Score Distribution

Your Account Isn't Verified!

In order to create a playlist on Sporcle, you need to verify the email address you used during registration. Go to your Sporcle Settings to finish the process.